North American Geography by Letter - S - Statistics

General Stats
  • This quiz has been taken 635 times
  • The average score is 12 of 20
Answer Stats
Hint Answer % Correct
New York harbor sculpture that was a gift from France Statue of Liberty
97%
US State where you would find Mt. Rushmore South Dakota
94%
Capital of El Salvador San Salvador
93%
Largest of the Great Lakes Superior
93%
Capital of Costa Rica, or a major city in California San Jose
86%
City where you should remember to visit the Alamo San Antonio
78%
City across the border from Tijuana San Diego
78%
Capital of Puerto Rico, it's also the Spanish translation of the above San Juan
78%
One of Canada's "Prairie Provinces" Saskatchewan
75%
Capital of both Antigua & Barbuda, and Newfoundland & Labrador Saint John
73%
Volcanic island that is a partner to the Grenadines Saint Vincent
73%
Largest city in the above province Saskatoon
60%
Mountains of Nevada in the US, or the Trans-Mexican Volcanic Belt further south Sierra Nevada
53%
Where the first shots of the US Civil War were fired South Carolina
45%
Island nicknamed "Helen of the West Indies" for changing ownership between Britain and France 14 times Saint Lucia
37%
Hottest desert in North America Sonoran Desert
26%
Numerous places in Virginia share this name that originates from Oneida chief Skenandoa Shenandoah
25%
Largest producer of the northern California wine-making counties Sonoma
24%
1000-acre public park in Vancouver that boasts an aquarium and a miniature train Stanley Park
15%
Giant sinkhole in Chiapas, Mexico; known for thousands of green parakeets Sima de las Cotorras
1%
No matching quizzes found
Score Distribution
Percent of People with Each Score
Percentile by Number Answered
Your Score History
You have not taken this quiz